000
00291nam a22001217a 4500
008
180919b xxu||||| |||| 00| 0 eng d
041
_a
eng
080
_a
321
100
_a
21
101
_a
POL
245
_a
Political Cliente;ism Patronage Development
_c
Eisenstaldt,S,N
942
_2
udc
_c
BK
999
_c
48024
_d
48024